| 000 | 00353 a2200157 4500 | ||
|---|---|---|---|
| 001 | 173337 | ||
| 020 | _a | ||
| 040 | _cMagnum | ||
| 100 | _aAraújo, Maria Yvonne Atalécio de | ||
| 240 | 1 | 0 |
_aUm susto em serra azul _lpor |
| 245 | 1 | 0 | _aUm susto em serra azul |
| 300 | _a24 | ||
| 362 | 0 | _a1988 | |
| 697 | _aLITERATURA INFANTO-JUVENIL | ||
| 942 | _cBK | ||
| 999 |
_c173337 _d173337 |
||